Поддержка Microsoft Windows NT 4.0: Учебный курс

Detalhes bibliográficos
Autor Corporativo: Microsoft
Idioma:russo
Publicado em: Москва, Русская Редакция, 1999
Edição:2-е изд., испр.
Assuntos:
Formato: Desconhecido
KOHA link:https://koha.lib.tpu.ru/cgi-bin/koha/opac-detail.pl?biblionumber=23093

MARC

LEADER 00000nmm0a2200000 4500
001 23093
005 20231030195107.0
010 |a 5750201392 
035 |a (RuTPU)RU\TPU\book\23308 
035 |a BOOK00023380 
090 |a 23093 
100 |a 20011209d1999 m y0rusy50 ca 
101 2 |a rus  |b eng 
102 |a RU 
105 |a a j 000zy 
200 1 |a Поддержка Microsoft Windows NT 4.0  |e Учебный курс  |f Microsoft 
205 |a 2-е изд., испр. 
210 |a Москва  |c Русская Редакция  |d 1999 
215 |a 632 с.  |c ил.  |e Приложение: CD-ROM 
510 1 |a Официальное пособие Microsoft для самостоятельной подготовки 
610 1 |a операционные системы 
610 1 |a Windows NT 
610 1 |a Workstation 4.0 
610 1 |a экзамены 
610 1 |a сертификация 
610 1 |a учебные пособия 
610 1 |a CD-ROM 
675 |a 681.3.066(07)  |v 3 
712 0 2 |a Microsoft  |c Корпорация  |2 stltpush  |3 (RuTPU)RU\TPU\col\63 
801 0 |a RU  |b 63413507  |c 20011209  |g PSBO 
801 2 |a RU  |b 63413507  |c 20150408  |g PSBO 
942 |c MX